<?xml version="1.0" encoding="UTF-8"?><marc:collection xmlns:marc="http://www.loc.gov/MARC21/slim">
  <marc:record>
    <marc:leader>05053nas a2200697 c 4500</marc:leader>
    <marc:controlfield tag="001">010004300</marc:controlfield>
    <marc:controlfield tag="003">DE-101</marc:controlfield>
    <marc:controlfield tag="005">20250507210940.0</marc:controlfield>
    <marc:controlfield tag="007">tu</marc:controlfield>
    <marc:controlfield tag="008">991118c19239999be u||p|  ||| 0||||1fre c</marc:controlfield>
    <marc:datafield tag="016" ind1="7" ind2=" ">
      <marc:subfield code="2">DE-600</marc:subfield>
      <marc:subfield code="a">522-8</marc:subfield>
    </marc:datafield>
    <marc:datafield tag="016" ind1="7" ind2=" ">
      <marc:subfield code="2">DE-101</marc:subfield>
      <marc:subfield code="a">010004300</marc:subfield>
    </marc:datafield>
    <marc:datafield tag="022" ind1=" " ind2=" ">
      <marc:subfield code="a">0003-9748</marc:subfield>
    </marc:datafield>
    <marc:datafield tag="022" ind1=" " ind2=" ">
      <marc:subfield code="a">0775-0722</marc:subfield>
    </marc:datafield>
    <marc:datafield tag="035" ind1=" " ind2=" ">
      <marc:subfield code="a">(DE-599)ZDB522-8</marc:subfield>
    </marc:datafield>
    <marc:datafield tag="035" ind1=" " ind2=" ">
      <marc:subfield code="a">(OCoLC)1367282757</marc:subfield>
    </marc:datafield>
    <marc:datafield tag="040" ind1=" " ind2=" ">
      <marc:subfield code="a">9001</marc:subfield>
      <marc:subfield code="b">ger</marc:subfield>
      <marc:subfield code="c">DE-101</marc:subfield>
      <marc:subfield code="d">9999</marc:subfield>
    </marc:datafield>
    <marc:datafield tag="041" ind1=" " ind2=" ">
      <marc:subfield code="a">fre</marc:subfield>
      <marc:subfield code="a">dut</marc:subfield>
    </marc:datafield>
    <marc:datafield tag="042" ind1=" " ind2=" ">
      <marc:subfield code="a">zdb</marc:subfield>
    </marc:datafield>
    <marc:datafield tag="044" ind1=" " ind2=" ">
      <marc:subfield code="c">XA-BE</marc:subfield>
    </marc:datafield>
    <marc:datafield tag="082" ind1="7" ind2="4">
      <marc:subfield code="a">060</marc:subfield>
      <marc:subfield code="a">020</marc:subfield>
      <marc:subfield code="q">DE-600</marc:subfield>
      <marc:subfield code="2">22sdnb</marc:subfield>
    </marc:datafield>
    <marc:datafield tag="084" ind1=" " ind2=" ">
      <marc:subfield code="a">7,23</marc:subfield>
      <marc:subfield code="a">24,1</marc:subfield>
      <marc:subfield code="2">ssgn</marc:subfield>
    </marc:datafield>
    <marc:datafield tag="084" ind1=" " ind2=" ">
      <marc:subfield code="a">BENELUX</marc:subfield>
      <marc:subfield code="q">DE-6</marc:subfield>
      <marc:subfield code="2">fid</marc:subfield>
    </marc:datafield>
    <marc:datafield tag="084" ind1=" " ind2=" ">
      <marc:subfield code="a">BBI</marc:subfield>
      <marc:subfield code="q">DE-23</marc:subfield>
      <marc:subfield code="2">fid</marc:subfield>
    </marc:datafield>
    <marc:datafield tag="245" ind1="0" ind2="0">
      <marc:subfield code="a">Archives et bibliothèques de Belgique</marc:subfield>
      <marc:subfield code="b">ABB = Archief- en bibliotheekwezen in Belgie͏̈</marc:subfield>
      <marc:subfield code="c">publ. avec l'aide financière des Services Féderaux des Affaires Scientifiques, Techniques et Culturelles</marc:subfield>
    </marc:datafield>
    <marc:datafield tag="246" ind1="1" ind2="1">
      <marc:subfield code="a">Archief- en bibliotheekwezen in Belgie͏̈</marc:subfield>
    </marc:datafield>
    <marc:datafield tag="246" ind1="3" ind2=" ">
      <marc:subfield code="a">ABB</marc:subfield>
    </marc:datafield>
    <marc:datafield tag="264" ind1="3" ind2="1">
      <marc:subfield code="a">Bruxelles</marc:subfield>
      <marc:subfield code="b">Archives</marc:subfield>
      <marc:subfield code="c">1923-</marc:subfield>
    </marc:datafield>
    <marc:datafield tag="336" ind1=" " ind2=" ">
      <marc:subfield code="a">Text</marc:subfield>
      <marc:subfield code="b">txt</marc:subfield>
      <marc:subfield code="2">rdacontent</marc:subfield>
    </marc:datafield>
    <marc:datafield tag="337" ind1=" " ind2=" ">
      <marc:subfield code="a">ohne Hilfsmittel zu benutzen</marc:subfield>
      <marc:subfield code="b">n</marc:subfield>
      <marc:subfield code="2">rdamedia</marc:subfield>
    </marc:datafield>
    <marc:datafield tag="338" ind1=" " ind2=" ">
      <marc:subfield code="a">Band</marc:subfield>
      <marc:subfield code="b">nc</marc:subfield>
      <marc:subfield code="2">rdacarrier</marc:subfield>
    </marc:datafield>
    <marc:datafield tag="362" ind1="0" ind2=" ">
      <marc:subfield code="a">1.1923 - 4.1927; 34.1963 -</marc:subfield>
    </marc:datafield>
    <marc:datafield tag="363" ind1="0" ind2="0">
      <marc:subfield code="8">1.1\x</marc:subfield>
      <marc:subfield code="a">1</marc:subfield>
      <marc:subfield code="i">1923</marc:subfield>
    </marc:datafield>
    <marc:datafield tag="363" ind1="1" ind2="0">
      <marc:subfield code="8">1.2\x</marc:subfield>
      <marc:subfield code="a">4</marc:subfield>
      <marc:subfield code="i">1927</marc:subfield>
    </marc:datafield>
    <marc:datafield tag="363" ind1="0" ind2="1">
      <marc:subfield code="8">2.1\x</marc:subfield>
      <marc:subfield code="a">34</marc:subfield>
      <marc:subfield code="i">1963</marc:subfield>
    </marc:datafield>
    <marc:datafield tag="550" ind1=" " ind2=" ">
      <marc:subfield code="a">Beteil. Körp. 1.1923 - 4.1927: Association des Conservateurs d'Archives, de Bibliothèques et de Musées; teils: Association des Archivistes et Bibliothécaires</marc:subfield>
    </marc:datafield>
    <marc:datafield tag="650" ind1=" " ind2="7">
      <marc:subfield code="0">(DE-588)4006439-6</marc:subfield>
      <marc:subfield code="0">https://d-nb.info/gnd/4006439-6</marc:subfield>
      <marc:subfield code="0">(DE-101)040064395</marc:subfield>
      <marc:subfield code="a">Bibliothek</marc:subfield>
      <marc:subfield code="9">rswk-swf</marc:subfield>
      <marc:subfield code="2">gnd</marc:subfield>
    </marc:datafield>
    <marc:datafield tag="650" ind1=" " ind2="7">
      <marc:subfield code="0">(DE-588)4002859-8</marc:subfield>
      <marc:subfield code="0">https://d-nb.info/gnd/4002859-8</marc:subfield>
      <marc:subfield code="0">(DE-101)040028593</marc:subfield>
      <marc:subfield code="a">Archiv</marc:subfield>
      <marc:subfield code="9">rswk-swf</marc:subfield>
      <marc:subfield code="2">gnd</marc:subfield>
    </marc:datafield>
    <marc:datafield tag="651" ind1=" " ind2="7">
      <marc:subfield code="0">(DE-588)4005406-8</marc:subfield>
      <marc:subfield code="0">https://d-nb.info/gnd/4005406-8</marc:subfield>
      <marc:subfield code="0">(DE-101)040054063</marc:subfield>
      <marc:subfield code="a">Belgien</marc:subfield>
      <marc:subfield code="9">rswk-swf</marc:subfield>
      <marc:subfield code="2">gnd</marc:subfield>
    </marc:datafield>
    <marc:datafield tag="651" ind1=" " ind2="7">
      <marc:subfield code="0">(DE-588)4005406-8</marc:subfield>
      <marc:subfield code="0">https://d-nb.info/gnd/4005406-8</marc:subfield>
      <marc:subfield code="0">(DE-101)040054063</marc:subfield>
      <marc:subfield code="a">Belgien</marc:subfield>
      <marc:subfield code="9">rswk-swf</marc:subfield>
      <marc:subfield code="2">gnd</marc:subfield>
    </marc:datafield>
    <marc:datafield tag="655" ind1=" " ind2="7">
      <marc:subfield code="0">(DE-588)4067488-5</marc:subfield>
      <marc:subfield code="0">https://d-nb.info/gnd/4067488-5</marc:subfield>
      <marc:subfield code="0">(DE-101)040674886</marc:subfield>
      <marc:subfield code="a">Zeitschrift</marc:subfield>
      <marc:subfield code="2">gnd-content</marc:subfield>
    </marc:datafield>
    <marc:datafield tag="655" ind1=" " ind2="7">
      <marc:subfield code="a">Zeitschrift</marc:subfield>
      <marc:subfield code="9">rswk-swf</marc:subfield>
      <marc:subfield code="2">gnd</marc:subfield>
    </marc:datafield>
    <marc:datafield tag="655" ind1=" " ind2="7">
      <marc:subfield code="a">Zeitschrift</marc:subfield>
      <marc:subfield code="9">rswk-swf</marc:subfield>
      <marc:subfield code="2">gnd</marc:subfield>
    </marc:datafield>
    <marc:datafield tag="689" ind1="0" ind2="0">
      <marc:subfield code="0">(DE-588)4005406-8</marc:subfield>
      <marc:subfield code="0">https://d-nb.info/gnd/4005406-8</marc:subfield>
      <marc:subfield code="0">(DE-101)040054063</marc:subfield>
      <marc:subfield code="D">g</marc:subfield>
      <marc:subfield code="a">Belgien</marc:subfield>
    </marc:datafield>
    <marc:datafield tag="689" ind1="0" ind2="1">
      <marc:subfield code="0">(DE-588)4006439-6</marc:subfield>
      <marc:subfield code="0">https://d-nb.info/gnd/4006439-6</marc:subfield>
      <marc:subfield code="0">(DE-101)040064395</marc:subfield>
      <marc:subfield code="D">s</marc:subfield>
      <marc:subfield code="a">Bibliothek</marc:subfield>
    </marc:datafield>
    <marc:datafield tag="689" ind1="0" ind2="2">
      <marc:subfield code="A">f</marc:subfield>
      <marc:subfield code="a">Zeitschrift</marc:subfield>
    </marc:datafield>
    <marc:datafield tag="689" ind1="0" ind2=" ">
      <marc:subfield code="5">DE-600</marc:subfield>
      <marc:subfield code="5">DE-600</marc:subfield>
    </marc:datafield>
    <marc:datafield tag="689" ind1="1" ind2="0">
      <marc:subfield code="0">(DE-588)4005406-8</marc:subfield>
      <marc:subfield code="0">https://d-nb.info/gnd/4005406-8</marc:subfield>
      <marc:subfield code="0">(DE-101)040054063</marc:subfield>
      <marc:subfield code="D">g</marc:subfield>
      <marc:subfield code="a">Belgien</marc:subfield>
    </marc:datafield>
    <marc:datafield tag="689" ind1="1" ind2="1">
      <marc:subfield code="0">(DE-588)4002859-8</marc:subfield>
      <marc:subfield code="0">https://d-nb.info/gnd/4002859-8</marc:subfield>
      <marc:subfield code="0">(DE-101)040028593</marc:subfield>
      <marc:subfield code="D">s</marc:subfield>
      <marc:subfield code="a">Archiv</marc:subfield>
    </marc:datafield>
    <marc:datafield tag="689" ind1="1" ind2="2">
      <marc:subfield code="A">f</marc:subfield>
      <marc:subfield code="a">Zeitschrift</marc:subfield>
    </marc:datafield>
    <marc:datafield tag="689" ind1="1" ind2=" ">
      <marc:subfield code="5">DE-600</marc:subfield>
      <marc:subfield code="5">DE-600</marc:subfield>
    </marc:datafield>
    <marc:datafield tag="770" ind1="0" ind2="8">
      <marc:subfield code="i">Supplement</marc:subfield>
      <marc:subfield code="t">Kroniek der handschriftenkunde in de Nederlanden</marc:subfield>
      <marc:subfield code="d">Bruxelles : [Verlag nicht ermittelbar], 1969-1973</marc:subfield>
      <marc:subfield code="w">(DE-600)1184596-X</marc:subfield>
      <marc:subfield code="w">(DE-101)017120497</marc:subfield>
    </marc:datafield>
    <marc:datafield tag="770" ind1="0" ind2="8">
      <marc:subfield code="i">Supplement</marc:subfield>
      <marc:subfield code="t">Kroniek van het gedrukte boek in de Nederlanden</marc:subfield>
      <marc:subfield code="d">Bruxelles : Koninklijke Bibliotheek, 1989-</marc:subfield>
      <marc:subfield code="w">(DE-600)2238289-6</marc:subfield>
      <marc:subfield code="w">(DE-101)980046017</marc:subfield>
    </marc:datafield>
    <marc:datafield tag="785" ind1="0" ind2="8">
      <marc:subfield code="i">5.1928 - 33.1962</marc:subfield>
      <marc:subfield code="t">Archives, bibliothèques et musées de Belgique</marc:subfield>
      <marc:subfield code="d">Bruxelles : [Verlag nicht ermittelbar], 1928-1962</marc:subfield>
      <marc:subfield code="x">0773-493X</marc:subfield>
      <marc:subfield code="w">(DE-600)6400-2</marc:subfield>
      <marc:subfield code="w">(DE-101)010086234</marc:subfield>
    </marc:datafield>
    <marc:datafield tag="787" ind1="0" ind2="8">
      <marc:subfield code="i">54=6 von</marc:subfield>
      <marc:subfield code="a">International Congress on the Enlightenment / Section &lt;7&gt;</marc:subfield>
      <marc:subfield code="t">Actes du ... Congrès International des Lumières, Section 7</marc:subfield>
      <marc:subfield code="d">Brussels : [Verlag nicht ermittelbar], 1983-</marc:subfield>
      <marc:subfield code="w">(DE-600)1012336-2</marc:subfield>
      <marc:subfield code="w">(DE-101)015454169</marc:subfield>
    </marc:datafield>
    <marc:datafield tag="787" ind1="0" ind2="8">
      <marc:subfield code="i">56=47; 64=51 von</marc:subfield>
      <marc:subfield code="a">Fédération des cercles d'archéologie et d'histoire de Belgique</marc:subfield>
      <marc:subfield code="t">Actes de la section 4.1 ... du ... congrès de la Fédération des Cercles d'Archéologie et d'Histoire de Belgique</marc:subfield>
      <marc:subfield code="d">Brussels : [Verlag nicht ermittelbar], 1985-</marc:subfield>
      <marc:subfield code="w">(DE-600)1012337-4</marc:subfield>
      <marc:subfield code="w">(DE-101)015454177</marc:subfield>
    </marc:datafield>
    <marc:datafield tag="787" ind1="0" ind2="8">
      <marc:subfield code="i">60=3=49; 68=5=52 von</marc:subfield>
      <marc:subfield code="a">Association des cercles francophones d'histoire et d'archéologie de Belgique</marc:subfield>
      <marc:subfield code="t">Actes de la section 4.2 du ... congrès de l'Association des Cercles Francophones d'Histoire et d'Archéologie de Belgique, ... congrès de la Fédération des Cercles d'Archéologie et d'Histoire de Belgique</marc:subfield>
      <marc:subfield code="d">Bruxelles : [Verlag nicht ermittelbar], 1989-</marc:subfield>
      <marc:subfield code="w">(DE-600)1222883-7</marc:subfield>
      <marc:subfield code="w">(DE-101)017492017</marc:subfield>
    </marc:datafield>
    <marc:datafield tag="787" ind1="0" ind2="8">
      <marc:subfield code="i">64=4=51 von</marc:subfield>
      <marc:subfield code="a">Association des cercles francophones d'histoire et d'archéologie de Belgique</marc:subfield>
      <marc:subfield code="t">Actes des sections archivistique et bibliothéconomie du ... congrès des Cercles Francophones d'Histoire et d'Archéologie de Belgique, ... congrès de la Fédération des Cercles d'Archéologie et d'Histoire de Belgique</marc:subfield>
      <marc:subfield code="d">Bruxelles : [Verlag nicht ermittelbar], 1993-1993</marc:subfield>
      <marc:subfield code="w">(DE-600)1222839-4</marc:subfield>
      <marc:subfield code="w">(DE-101)017491592</marc:subfield>
    </marc:datafield>
    <marc:datafield tag="787" ind1="0" ind2="8">
      <marc:subfield code="i">71=6=53 von</marc:subfield>
      <marc:subfield code="a">Association des cercles francophones d'histoire et d'archéologie de Belgique</marc:subfield>
      <marc:subfield code="t">Actes de la Section Archivistique du ... congrès de l'Association des Cercles Francophones d'Histoire et d'Archéologie de Belgique et ... congrès de la Fédération des Cercles d'Archéologie et d'Histoire de Belgique</marc:subfield>
      <marc:subfield code="d">Bruxelles : [Verlag nicht ermittelbar], 2001-</marc:subfield>
      <marc:subfield code="w">(DE-600)2114331-6</marc:subfield>
      <marc:subfield code="w">(DE-101)024888478</marc:subfield>
    </marc:datafield>
    <marc:datafield tag="787" ind1="0" ind2="8">
      <marc:subfield code="i">72=6=53 von</marc:subfield>
      <marc:subfield code="a">Association des cercles francophones d'histoire et d'archéologie de Belgique</marc:subfield>
      <marc:subfield code="t">Actes du congrès</marc:subfield>
      <marc:subfield code="d">Bruxelles : [Verlag nicht ermittelbar], 2001-2001</marc:subfield>
      <marc:subfield code="w">(DE-600)2159154-4</marc:subfield>
      <marc:subfield code="w">(DE-101)026395193</marc:subfield>
    </marc:datafield>
    <marc:datafield tag="850" ind1=" " ind2=" ">
      <marc:subfield code="a">DE-101a</marc:subfield>
    </marc:datafield>
  </marc:record>
</marc:collection>
